| 000 -LEADER |
| fixed length control field |
00823pab a2200169 454500 |
| 008 - FIXED-LENGTH DATA ELEMENTS--GENERAL INFORMATION |
| fixed length control field |
180718b2005 xxu||||| |||| 00| 0 eng d |
| 100 ## - MAIN ENTRY--PERSONAL NAME |
| Personal name |
Mohan, Saumitra |
| 245 ## - TITLE STATEMENT |
| Title |
Rehabilitation of socially alienated under RSVY |
| 260 ## - PUBLICATION, DISTRIBUTION, ETC. |
| Date of publication, distribution, etc. |
2005 |
| 300 ## - PHYSICAL DESCRIPTION |
| Extent |
p.45-48. |
| 362 ## - DATES OF PUBLICATION AND/OR SEQUENTIAL DESIGNATION |
| Dates of publication and/or sequential designation |
Nov |
| 520 ## - SUMMARY, ETC. |
| Summary, etc. |
Rashtriya Sam Vikas Yojana (RSVY) is an initiative by the Planning Commission with a view to address the problems of high poverty, low growth and poor governance by putting in place programmes which would remove barriers to growth and accelerate the developmental process. RSVY offers adequate flexibility to tailor projects and schemes compatible with the socio-economic and cultural context of the region. -Reproduced. |
| 650 ## - SUBJECT ADDED ENTRY--TOPICAL TERM |
| Topical term or geographic name entry element |
Rashtriya Sam Vikas Yojana |
| 650 ## - SUBJECT ADDED ENTRY--TOPICAL TERM |
| Topical term or geographic name entry element |
Poverty |
| 773 ## - HOST ITEM ENTRY |
| Main entry heading |
Kurukshetra |
| 909 ## - |
| -- |
67639 |